Library service : / brief guide to the use of the library facilities and library regulations

Salvato in:
Dettagli Bibliografici
Natura: Libro
Pubblicazione: [Dar es Salaam] : University of Dar es Salaam, [1973?].
Soggetti:
Tags: Aggiungi Tag
Nessun Tag, puoi essere il primo ad aggiungerne!!

MARC

LEADER 00000nam a2200000 4500
020 |a NA  |c TZS 2,000/= 
040 |a MUL  |b eng.  |e AACR 
082 |a 025.5277 UNI 
245 |a  Library service :   |b / brief guide to the use of the library facilities and library regulations  |c Chuo Kikuu cha Dar es Salaam 
260 |a [Dar es Salaam] :  |b University of Dar es Salaam,   |c  [1973?]. 
300 |a  23 p. :  |b  ill. ;   |c 22 cm. 
650 |a  Academic libraries  |z Tanzania 
650 |a  library facilities and library regulations  |z Tanzania 
650 |a  Library service  |z Tanzania 
942 |c BK 
999 |c 7800  |d 7800